Countries UK Never Invaded - With a Map - Statistics

General Stats
  • This quiz has been taken 78 times
  • The average score is 15 of 22
Answers on the Map
Answers color-coded by a green-red scale on the quiz's map according to % correct below.
 
Answer Stats
Country % Correct
Mongolia
94%
Bolivia
80%
Tajikistan
76%
Uzbekistan
74%
Andorra
73%
Kyrgyzstan
73%
Chad
71%
Liechtenstein
71%
Monaco
71%
Republic of the Congo
71%
Vatican City
71%
Paraguay
70%
Sweden
70%
Belarus
68%
Central African Republic
65%
Luxembourg
65%
Mali
64%
Burundi
58%
São Tomé and Principe
55%
Guatemala
50%
Ivory Coast
47%
Marshall Islands
45%
No matching quizzes found
Score Distribution
Percent of People with Each Score
Percentile by Number Answered
Your Score History
You have not taken this quiz